000 00363cam a2200145ua 4500
003 OSt
008 241005b |||||||| |||| 00| 0 eng d
041 _aeng
082 _a028.73423
_bOXF/RO
245 _aRogets international thesaurus
250 _a3 /
260 _aNew Delhi :
_bOxford & IBH Publishing company ,
_c1976.
300 _a1258 ; .
942 _cBK
999 _c10210
_d10210